Statistics for Fish by Picture

Click here to take the quiz!

General Stats

  • This quiz has been taken 78 times
  • The average score is 10 of 12

Answer Stats

Answer% Correct
dolphin
99%
whale
99%
goldfish
97%
shark
97%
clownfish
96%
trout
87%
lionfish
84%
salmon
81%
Bass
71%
pufferfish
62%
Sturgeon
59%
pike
49%

Score Distribution

Percentile by Number Answered

Percent of People with Each Score

Your Score History

You have not taken this quiz